000
00387nam a22001337a 4500
003
SGT
020
_a
9789381224038
082
_a
200
_b
V15K
100
_a
कोठरी, गुलाब
245
_a
विष्णु सूक्त : वेद विज्ञान माला
260
_b
ओझा वैदिक अध्ययन
_c
2015
300
_a
94
942
_2
ddc
_c
BK
999
_c
31722
_d
31722